| 000 | 00649na a2200229 4500 | ||
|---|---|---|---|
| 001 | 15004 | ||
| 003 | MIRAKIL | ||
| 005 | 20181213154915.0 | ||
| 008 | 161025b tu 000 0 | ||
| 035 | _a15004 | ||
| 040 |
_aMilas _btur _cTR-AnCHP |
||
| 041 | _atur | ||
| 082 |
_aATA 956.51124 _bA72 2003 |
||
| 090 | _aATA 956.51124 A72 2003 | ||
| 245 | _aAtatürk ve Etimesgut | ||
| 260 |
_aAnkara _bAnkara Ticaret Odası _c2003 |
||
| 300 |
_a145 s. _bfotg. _c30 sm. |
||
| 600 |
_aAtatürk, Mustafa Kemal _d1881-1938 _xGeziler _zEtimesgut |
||
| 650 |
_aCumhurbaşkanları _xGeziler _zAnkara |
||
| 651 |
_aEtimesgut (Ankara) _xTarih |
||
| 942 |
_2ddc _cBKS |
||
| 999 |
_c2976 _d2976 |
||